Kaupunkeja saarilla - Äkkikuolema - Statistics

Yleistilastot
  • Tätä visaa on pelattu 1 636 kertaa
  • Keskiarvotulos 9 / 20
Answers on the Grid
Answers color-coded by a green-red scale on the quiz's grid according to % correct below.
Ateena
Bogotá
Chicago
Colombo
Gibraltar
Hongkong
Honolulu
Iraklion
Istanbul
Kapkaupunki
Kööpenhamina
Lagos
Lima
Lontoo
Manila
Montreal
Moskova
Mumbai
New York
Nuuk
Palermo
Port of Spain
Santo Domingo
Singapore
Soul
Tokio
Tórshavn
Tukholma
Vaasa
Venetsia
 
Vastaustilastot
Vastaus % Oikein
Honolulu
70%
Kööpenhamina
66%
Tokio
64%
Singapore
59%
Manila
58%
Hongkong
56%
Venetsia
51%
Lontoo
50%
New York
50%
Port of Spain
50%
Nuuk
49%
Palermo
45%
Santo Domingo
44%
Iraklion
41%
Colombo
40%
Tukholma
40%
Tórshavn
38%
Montreal
25%
Lagos
16%
Mumbai
14%
Ehtoja vastaavia visoja ei löytynyt
Tulosjakauma
Jokaisen tuloksen saaneiden osuus
Persentiili vastausten määrän mukaan
Tuloshistoriasi
Et ole pelannut tätä visaa